خطو ط شبلی(بنا م خو ا تين فيضی) (Record no. 177890)

MARC details
000 -LEADER
fixed length control field 00709nam a22001937a 4500
005 - DATE AND TIME OF LATEST TRANSACTION
control field 20210309160212.0
010 ## - LCCN (DPL NO)
LC control number UR-11060
020 ## - INTERNATIONAL STANDARD BOOK NUMBER
Terms of availability 300.00
International Standard Book Number 978819441118-5 9-2
035 ## - SYSTEM CONTROL NUMBER
System control number U-9615
037 ## - SOURCE OF ACQUISITION
Source of stock number/acquisition DBAD/PUB
082 ## - DEWEY DECIMAL CLASSIFICATION NUMBER
Classification number 808
100 ## - MAIN ENTRY--PERSONAL NAME
Personal name مر تبہ:شمس بد ا يو نی
245 ## - TITLE STATEMENT
Title خطو ط شبلی(بنا م خو ا تين فيضی)
Statement of responsibility, etc مر تبہ:شمس بد ا يو نی
246 ## - VARYING FORM OF TITLE
Remainder of title Khatoot-e-Shibli (Banam Khawateen Faizi ) (Urdu)
Title proper/short title by Shams Budauni
260 ## - PUBLICATION, DISTRIBUTION, ETC. (IMPRINT)
Place of publication, distribution, etc N.Delhi
Date of publication, distribution, etc 2020 ء
Name of publisher, distributor, etc Applied Books
270 ## - ADDRESS
Address 1739/10,New Kohinoor Hotel Patodi House,Darya Ganj,
City N.Delhi
Postal code 110002
Fax number 9837092245
300 ## - PHYSICAL DESCRIPTION
Extent 258 ص
Dimensions 22 Cm(Hb)
942 ## - ADDED ENTRY ELEMENTS (KOHA)
Source of classification or shelving scheme Dewey Decimal Classification
Item type Urdu Bks
Classification part 808
Call number suffix ش م س
Holdings
Withdrawn status Lost status Not for loan Collection code Home library Current library Date acquired Source of acquisition Cost, normal purchase price Full call number Barcode Copy number Cost, replacement price Koha item type
      Non-fiction D.B.Act.Division Central Library 09/03/2021 DBAD/PUB 300.00 808 ش م س U-9615 1 300.00 Urdu Bks

© Delhi Public Library
Hit Counter
free hit counter